| 000 | 00591nam a2200181 i 4500 | ||
|---|---|---|---|
| 001 | 167015 | ||
| 003 | ES-MaACL | ||
| 005 | 20230906213437.0 | ||
| 008 | 960320s1887 sp |||| | spa d | ||
| 040 |
_aCLM _bspa _cCCPB | SIC |
||
| 080 | _a821.134.2-31"18" | ||
| 100 | 1 |
_aCánovas del Castillo y Vallejo, Antonio, _d1862-1933 _934607 |
|
| 245 | 1 | 0 |
_aEl Mosén _b: novela original / _cAntonio Vascano [seud.]. |
| 260 |
_aMadrid : _b[s.n.], _c1887 ( _fTip. de Manuel G. Hernández) |
||
| 300 |
_a416 p. ; _c25 cm. |
||
| 852 |
_aES-MaACL _jB-3934 _z-- Rust. |
||
| 999 |
_c167015 _d167015 |
||